Normas de Información Financiera (NIF) 2025 / (Registro nro. 26618)
[ vista simple ]
| 000 -LEADER | |
|---|---|
| fixed length control field | 01945cam a2200397 i 4500 |
| 001 - CONTROL NUMBER | |
| control field | 26618 |
| 003 - CONTROL NUMBER IDENTIFIER | |
| control field | Mx-PuUPA |
| 005 - DATE AND TIME OF LATEST TRANSACTION | |
| control field | 20250310164921.0 |
| 008 - FIXED-LENGTH DATA ELEMENTS--GENERAL INFORMATION | |
| fixed length control field | 140415s2025 mx grl 000 0 spa d |
| 020 ## - INTERNATIONAL STANDARD BOOK NUMBER | |
| International Standard Book Number | 9786075632988 |
| 040 ## - CATALOGING SOURCE | |
| Transcribing agency | Mx-PuUPA |
| Original cataloging agency | Mx-PuUPA |
| Language of cataloging | spa |
| Modifying agency | Mx-PuUPA |
| Description conventions | rda |
| 041 0# - LANGUAGE CODE | |
| Language code of text/sound track or separate title | spa |
| 043 ## - GEOGRAPHIC AREA CODE | |
| Geographic area code | n-mx--- |
| 110 2# - MAIN ENTRY--CORPORATE NAME | |
| Corporate name or jurisdiction name as entry element | Consejo Mexicano de Normas de Información Financiera y de Sostenibilidad, |
| Relator term | autor |
| 9 (RLIN) | 16826 |
| 240 10 - UNIFORM TITLE | |
| Uniform title | Obras. |
| Name of part/section of a work | Fiscales |
| 245 10 - TITLE STATEMENT | |
| Title | Normas de Información Financiera (NIF) 2025 / |
| Statement of responsibility, etc. | Consejo Mexicano de Normas de Información Financiera y de Sostenibilidad |
| 246 3# - VARYING FORM OF TITLE | |
| Title proper/short title | Normas de información financiera : |
| Remainder of title | versión profesional |
| 246 3# - VARYING FORM OF TITLE | |
| Title proper/short title | NIF profesional |
| 246 3# - VARYING FORM OF TITLE | |
| Title proper/short title | NIF 2025 |
| 246 3# - VARYING FORM OF TITLE | |
| Title proper/short title | NIF profesional 2025 |
| 250 ## - EDITION STATEMENT | |
| Edition statement | 1a. edición |
| 264 #1 - PRODUCTION, PUBLICATION, DISTRIBUTION, MANUFACTURE, AND COPYRIGHT NOTICE | |
| Place of production, publication, distribution, manufacture | Ciudad de México : |
| Name of producer, publisher, distributor, manufacturer | Instituto Mexicano de Contadores Públicos, |
| Date of production, publication, distribution, manufacture, or copyright notice | 2025 |
| 300 ## - PHYSICAL DESCRIPTION | |
| Extent | xiv, 1325 páginas ; |
| Dimensions | 23 cm |
| 336 ## - CONTENT TYPE | |
| Fuente | rdacontent |
| Content type term | texto |
| Content type code | txt |
| 337 ## - MEDIA TYPE | |
| Source | rdamedia |
| Media type term | sin medio |
| Media type code | n |
| 338 ## - CARRIER TYPE | |
| Source | rdacarrier |
| Carrier type term | volumen |
| Carrier type code | nc |
| 500 ## - GENERAL NOTE | |
| General note | "El texto completo de las Normas de Información Financiera considera la normativa que se encuentra en vigor al 1º de enero de 2025". -- Portadilla. |
| 500 ## - GENERAL NOTE | |
| General note | Esta edición contiene el texto completo de las NIF vigentes al 1 de enero de 2025, incluyendo las mejoras a las NIF 2025 y adicionalmente: La nueva NIF A-2, incertidumbres sobre negocio en marcha, vigente al 1 de enero de 2026; y la ONIF 7, contratos de construcción y contratos de compraventa, de bienes de capital". -- Cubierta. |
| 650 #7 - SUBJECT ADDED ENTRY--TOPICAL TERM | |
| Source of heading or term | armarc |
| Topical term or geographic name entry element | Contabilidad |
| General subdivision | Normas |
| Geographic subdivision | México |
| 650 #7 - SUBJECT ADDED ENTRY--TOPICAL TERM | |
| Source of heading or term | armarc |
| Topical term or geographic name entry element | Estados financieros |
| General subdivision | Normas |
| Geographic subdivision | México |
| 942 ## - ADDED ENTRY ELEMENTS (KOHA) | |
| Source of classification or shelving scheme | Dewey Decimal Classification |
| Koha item type | Libro |
| Classification part | 657.3 |
| Item part | N852 |
| Withdrawn status | Lost status | Source of classification or shelving scheme | Damaged status | Not for loan | Collection code | Home library | Current library | Shelving location | Date acquired | Source of acquisition | Total Checkouts | Full call number | Barcode | Checked out | Date last seen | Date last checked out | Price effective from | Koha item type | Copy number | Cost, normal purchase price | Cost, replacement price | Total Renewals |
|---|---|---|---|---|---|---|---|---|---|---|---|---|---|---|---|---|---|---|---|---|---|---|
| Dewey Decimal Classification | Magisterial | Biblioteca Karol Wojtyla | Biblioteca Karol Wojtyla | Módulo de circulación | 03/12/2013 | Compra | 3 | 657.3 N852 2025 | 45396 | 13/05/2027 | 13/05/2026 | 13/05/2026 | 03/12/2013 | Magisterial | ||||||||
| Dewey Decimal Classification | Magisterial | Biblioteca Karol Wojtyla | Biblioteca Karol Wojtyla | Módulo de circulación | 03/12/2013 | Compra | 3 | 657.3 N852 2025 | 45397 | 13/05/2027 | 13/05/2026 | 13/05/2026 | 03/12/2013 | Magisterial | Ej.2 | |||||||
| Dewey Decimal Classification | General | Biblioteca Karol Wojtyla | Biblioteca Karol Wojtyla | Sala general | 07/03/2025 | 1 | 3 | 657.3 N852 2025 | 105892 | 08/04/2026 | 10/03/2026 | 07/03/2025 | Libro | Ej.3 | 1386.00 | 1386.00 | ||||||
| Dewey Decimal Classification | General | Biblioteca Karol Wojtyla | Biblioteca Karol Wojtyla | Sala general | 07/03/2025 | 1 | 6 | 657.3 N852 2025 | 105893 | 08/04/2026 | 18/03/2026 | 07/03/2025 | Libro | Ej.4 | 1386.00 | 1386.00 | 2 |